| 000 | 00000nam 2200000zi 4500 |
| 001 | 9.936258 |
| 003 | CaOODSP |
| 005 | 20240403104522 |
| 006 | m o d f |
| 007 | cr |n |||||||| |
| 008 | 240403s1970 onca o f100 0|fre d |
| 040 | |aCaOODSP|bfre|erda|cCaOODSP |
| 041 | |afre|aeng |
| 043 | |an-cn---|aa-ja--- |
| 086 | 1 |aC23-194/1970-PDF |
| 245 | 00|aJury report : |barchitectural competition for the Canadian Government Pavilion at the Japan World Exposition Osaka 1970 = rapport du jury : concours d'architecture du pavilion canadien pour l'Exposition universelle qui se tiendra à Osaka en 1970. |
| 246 | 11|aRapport du jury : |bconcours d'architecture du pavilion canadien pour l'Exposition universelle qui se tiendra à Osaka en 1970 |
| 264 | 1|a[Ottawa] : |bMinistère du commerce, |c[1970] |
| 300 | |a1 ressource en ligne (87 pages non numérotées) : |billustrations |
| 336 | |atexte|btxt|2rdacontent/fre |
| 337 | |ainformatique|bc|2rdamedia/fre |
| 338 | |aressource en ligne|bcr|2rdacarrier/fre |
| 500 | |aÉdition numérisée de l'imprimé [par Innovation, Sciences et Développement économique Canada]. |
| 546 | |aTexte en français et en anglais. |
| 610 | 26|aExpo '70 (Osaka, Japon). |bPavillon du Canada. |
| 650 | 6|aArchitecture|xExpositions. |
| 710 | 1 |aCanada. |bMinistère du commerce, |eorganisme de publication. |
| 791 | |tJury report : |eeng|w(CaOODSP)9.895674 |
| 856 | 40|qPDF|s7.36 Mo|uhttps://publications.gc.ca/collections/collection_2024/isde-ised/c23/C23-194-1970.pdf |